000 nam a22 7a 4500
999 _c127646
_d127646
008 180315b xxu||||| |||| 00| 0 eng d
050 _aPS305,M3
100 _aMartz, Louis L.
_940634
245 _aThe poem of the mind:
_bessays on poetry anglish and American
_c/ by Louis L. Martz
260 _aLondon:
_bOxford University Press,
_c1966
300 _axiii, 231p.;
_c21cm.
650 _aAmerican poetry
_xHistory and criticism
_915950
650 _aEnglish poetry
_xHistory and criticism
_93530
942 _2lcc
_cMONOGRAPH